[Event "zonal 1.3"]
[Site "Reykjavik ISL"]
[Date "1995.03.??"]
[Round "6"]
[White "Degerman, Lars"]
[Black "Akesson, Ralf"]
[Result "1-0"]
[WhiteElo "2490"]
[BlackElo "2500"]
[EventDate "1995.03.21"]
[PlyCount "75"]

1.e4 e6 2.d4 d5 3.Nc3 Bb4 4.e5 Qd7 5.Bd2 b6 6.Bb5 c6 7.Ba4 a5 8.a3 Bf8 9.
Nf3 Ba6 10.Ne2 Bb5 11.Bxb5 cxb5 12.O-O Ne7 13.Ng3 Qc6 14.Nh5 Nd7 15.c3 h6 
16.Re1 a4 17.Rb1 Qc4 18.Bf4 Nc6 19.Nd2 Qd3 20.Re3 Qf5 21.g4 Qg6 22.Bg3 Na5
23.f4 Nc4 24.Nxc4 bxc4 25.f5 exf5 26.Nf4 Qxg4 27.Qxg4 fxg4 28.Nxd5 Ra7 29.
Rf1 h5 30.e6 Nf6 31.Nxb6 h4 32.Be5 fxe6 33.Bxf6 gxf6 34.Rxf6 Be7 35.Rfxe6 
Kf7 36.Nxc4 Rb7 37.R6e4 Rg8 38.Rf4+ 1-0

[Event "zonal 1.3"]
[Site "Reykjavik ISL"]
[Date "1995.03.??"]
[Round "6"]
[White "Hjartarson, Johann"]
[Black "Manninen, Marko"]
[Result "1-0"]
[WhiteElo "2590"]
[BlackElo "2365"]
[EventDate "1995.03.21"]
[PlyCount "51"]

1.d4 d5 2.c4 c6 3.Nf3 Nf6 4.e3 a6 5.Nc3 b5 6.b3 Bg4 7.Be2 e6 8.O-O Nbd7 9.
h3 Bh5 10.Bb2 Qb6 11.cxd5 cxd5 12.Ne5 Bxe2 13.Nxe2 Be7 14.Rc1 Nxe5 15.dxe5
Nd7 16.Nf4 O-O 17.Qg4 Rad8 18.h4 f5 19.Qg3 Bc5 20.Rc2 Rfe8 21.Rfc1 b4 22.
h5 Kf7 23.Qf3 Qb5 24.g4 g6 25.hxg6+ hxg6 26.gxf5 1-0

[Event "zonal 1.3"]
[Site "Reykjavik ISL"]
[Date "1995.03.??"]
[Round "6"]
[White "Sammalvuo, Tapani"]
[Black "Mortensen, Erling"]
[Result "1-0"]
[WhiteElo "2390"]
[BlackElo "2500"]
[EventDate "1995.03.21"]
[PlyCount "71"]

1.e4 c5 2.Nf3 Nc6 3.d4 cxd4 4.Nxd4 Qc7 5.Nb5 Qb8 6.c4 Nf6 7.N5c3 b6 8.Be3 
Bb7 9.Be2 g6 10.f4 d6 11.Bf3 Bg7 12.Qa4 e5 13.fxe5 dxe5 14.Qa3 Bf8 15.Qa4 
Nd7 16.Nd5 Bc5 17.Bh6 Qd8 18.h4 Bf8 19.Be3 h5 20.Nbc3 Nc5 21.Qb5 Ne6 22.
Rd1 Nd4 23.Bxd4 exd4 24.e5 a6 25.Qa4 b5 26.cxb5 Nxe5 27.b6+ Bc6 28.Qxd4 
Bd6 29.Nf6+ Ke7 30.Bxc6 Nxc6 31.Qe4+ Ne5 32.Qb7+ Kf8 33.Nfe4 Nc4 34.O-O 
Kg7 35.Qxf7+ Kh6 36.Qxc4 1-0

[Event "zonal 1.3"]
[Site "Reykjavik ISL"]
[Date "1995.03.??"]
[Round "6"]
[White "Ernst, Thomas"]
[Black "Torhallsson, Trostur"]
[Result "1/2-1/2"]
[WhiteElo "2465"]
[BlackElo "2420"]
[EventDate "1995.03.21"]
[PlyCount "60"]

1.e4 e6 2.d4 d5 3.Nc3 Nf6 4.e5 Nfd7 5.f4 c5 6.Nf3 Nc6 7.Be3 a6 8.Qd2 b5 9.
dxc5 Bxc5 10.Bxc5 Nxc5 11.Qf2 Na4 12.Nxa4 bxa4 13.Bd3 Rb8 14.c3 Qb6 15.Rb1
Bd7 16.Bc2 Qxf2+ 17.Kxf2 Na5 18.Nd4 Ke7 19.Bd3 Rb6 20.Rhe1 Rhb8 21.Re2 Nc6
22.Nxc6+ Bxc6 23.Ke3 Bb5 24.Bxb5 Rxb5 25.Kd3 a5 26.Kc2 Rc5 27.Kd3 g6 28.g3
Rbc8 29.Rc2 Rb5 30.Re1 Rc7 1/2-1/2

[Event "zonal 1.3"]
[Site "Reykjavik ISL"]
[Date "1995.03.??"]
[Round "7"]
[White "Agdestein, Simen"]
[Black "Hansen, Curt"]
[Result "0-1"]
[WhiteElo "2600"]
[BlackElo "2630"]
[EventDate "1995.03.21"]
[PlyCount "134"]

1.d4 d5 2.c4 c6 3.Nc3 Nf6 4.Nf3 dxc4 5.a4 Bf5 6.Ne5 e6 7.f3 Bb4 8.e4 Bxe4 
9.fxe4 Nxe4 10.Bd2 Qxd4 11.Nxe4 Qxe4+ 12.Qe2 Bxd2+ 13.Kxd2 Qd5+ 14.Kc2 Na6
15.Nxc4 O-O-O 16.Qe3 Nc5 17.Be2 Qf5+ 18.Kc3 Qf6+ 19.Kb4 Rd5 20.Ka3 Rhd8 
21.Rad1 Qg5 22.Qxg5 Rxg5 23.Rxd8+ Kxd8 24.Bf3 Kc7 25.Rd1 Nd7 26.h4 Rg6 27.
a5 f5 28.Kb4 Rh6 29.h5 e5 30.Kc3 g5 31.Be2 g4 32.Ne3 Rxh5 33.Nxg4 Rg5 34.
Ne3 f4 35.Nc4 Rxg2 36.Bd3 h5 37.b4 Rg5 38.Nd2 Nf6 39.Nf3 Nd5+ 40.Kb3 Rg3 
41.Nxe5 h4 42.Re1 h3 43.Kc4 f3 44.Kd4 h2 45.Rh1 f2 46.b5 Nb4 47.Bc4 Nc2+ 
48.Ke4 Ne3 49.b6+ axb6 50.axb6+ Kxb6 51.Rxh2 f1=Q 52.Bxf1 Nxf1 53.Nd7+ Kc7
54.Rh7 b5 55.Ne5+ Kb6 56.Nd7+ Ka5 57.Kd4 Nd2 58.Rh6 Nb3+ 59.Ke5 c5 60.Kd5 
c4 61.Ne5 Kb4 62.Nc6+ Ka3 63.Na7 Rg5+ 64.Ke4 c3 65.Rh2 Rc5 66.Rc2 b4 67.
Kd3 Na1 0-1

[Event "zonal 1.3"]
[Site "Reykjavik ISL"]
[Date "1995.03.??"]
[Round "7"]
[White "Hjartarson, Johann"]
[Black "Gausel, Einar"]
[Result "1/2-1/2"]
[WhiteElo "2590"]
[BlackElo "2490"]
[EventDate "1995.03.21"]
[PlyCount "56"]

1.d4 d5 2.c4 c6 3.Nf3 Nf6 4.Nc3 e6 5.e3 Nbd7 6.Qc2 b6 7.cxd5 cxd5 8.Nb5 
Bb4+ 9.Bd2 Bxd2+ 10.Nxd2 O-O 11.Bd3 Ba6 12.Qa4 Bxb5 13.Qxb5 Qc7 14.O-O 
Rfc8 15.a4 g6 16.Qb4 a5 17.Qe7 Kg7 18.Nf3 Ne5 19.Qxc7 Nxf3+ 20.gxf3 Rxc7 
21.Rfb1 Ne8 22.b4 Rc3 23.bxa5 bxa5 24.Bf1 Nd6 25.Rb6 Nf5 26.Ba6 Nh4 27.f4 
Rc2 28.h3 Nf3+ 1/2-1/2

[Event "zonal 1.3"]
[Site "Reykjavik ISL"]
[Date "1995.03.??"]
[Round "7"]
[White "Petursson, Margeir"]
[Black "Cramling, Pia"]
[Result "1/2-1/2"]
[WhiteElo "2535"]
[BlackElo "2520"]
[EventDate "1995.03.21"]
[PlyCount "84"]

1.d4 Nf6 2.c4 c5 3.d5 b5 4.cxb5 a6 5.f3 axb5 6.e4 Qa5+ 7.Bd2 b4 8.Na3 d6 
9.Nc4 Qd8 10.a3 e6 11.Ne3 exd5 12.exd5 Be7 13.axb4 Rxa1 14.Qxa1 O-O 15.Qa5
Nbd7 16.Qxd8 Rxd8 17.bxc5 dxc5 18.Ne2 Bb7 19.Nc3 Nb6 20.Bd3 Nfxd5 21.Nexd5
Nxd5 22.Nxd5 Bxd5 23.Ke2 Bf6 24.Bc3 Bxc3 25.bxc3 Rb8 26.Ra1 Rb2+ 27.Ke3 
Kf8 28.g4 Rb3 29.Rc1 h6 30.h4 g5 31.h5 Ke7 32.Be4 Ke6 33.f4 gxf4+ 34.Kxf4 
Bxe4 35.Kxe4 Ra3 36.c4 Ra4 37.Rc3 Rb4 38.Kf4 Kf6 39.Kg3 Kg7 40.Kh4 Ra4 41.
Kg3 Rb4 42.Kf4 Kf6 1/2-1/2

[Event "zonal 1.3"]
[Site "Reykjavik ISL"]
[Date "1995.03.??"]
[Round "7"]
[White "Hansen, Sune Berg"]
[Black "Hector, Jonny"]
[Result "0-1"]
[WhiteElo "2460"]
[BlackElo "2540"]
[EventDate "1995.03.21"]
[PlyCount "94"]

1.e4 e5 2.Nf3 Nc6 3.Bb5 a6 4.Ba4 Nf6 5.O-O Be7 6.Bxc6 dxc6 7.Qe2 Bg4 8.h3 
Bh5 9.g4 Bg6 10.Nxe5 Bxe4 11.g5 Rg8 12.Nc3 Bf5 13.Re1 Nd7 14.Nc4 Nf8 15.
Qf3 Be6 16.Na5 Bd5 17.Nxd5 Qxd5 18.Qxd5 cxd5 19.d4 Rb8 20.c3 Ne6 21.f4 g6 
22.Re5 c6 23.Bd2 Kd7 24.Rae1 Bd6 25.R5e2 b6 26.Nb3 Rbe8 27.Rf2 Ng7 28.Nc1 
c5 29.Nd3 Nf5 30.dxc5 Bxc5 31.Nxc5+ bxc5 32.Rfe2 Re6 33.Kf2 h6 34.Re5 Kd6 
35.gxh6 Rh8 36.c4 dxc4 37.Rc1 Rxh6 38.Kg2 Rh4 39.Rxc4 Rxe5 40.fxe5+ Kd5 
41.Rc1 Re4 42.Bc3 Re2+ 43.Kf3 Rh2 44.Kg4 Rg2+ 45.Kf4 Rf2+ 46.Kg4 Nd4 47.
Rd1 Kxe5 0-1

[Event "zonal 1.3"]
[Site "Reykjavik ISL"]
[Date "1995.03.??"]
[Round "7"]
[White "Stefansson, Hannes Hlifar"]
[Black "Tisdall, Jonathan"]
[Result "1/2-1/2"]
[WhiteElo "2530"]
[BlackElo "2470"]
[EventDate "1995.03.21"]
[PlyCount "41"]

1.c4 c6 2.d4 d5 3.Nc3 Nf6 4.Nf3 e6 5.Bg5 dxc4 6.a4 Bb4 7.e4 c5 8.Bxc4 cxd4
9.Bb5+ Nc6 10.Nxd4 O-O 11.Nxc6 Qxd1+ 12.Rxd1 bxc6 13.Bxc6 Rb8 14.e5 Ng4 
15.Bf4 Ba5 16.O-O Rxb2 17.Nb5 Bb6 18.Bg3 Ba6 19.Rb1 Ra2 20.Ra1 Rb2 21.Rab1
1/2-1/2

[Event "zonal 1.3"]
[Site "Reykjavik ISL"]
[Date "1995.03.??"]
[Round "7"]
[White "Mortensen, Erling"]
[Black "Akesson, Ralf"]
[Result "1-0"]
[WhiteElo "2500"]
[BlackElo "2500"]
[EventDate "1995.03.21"]
[PlyCount "69"]

1.e4 c5 2.Nf3 e6 3.d3 Nc6 4.g3 d5 5.Nbd2 Nge7 6.h4 e5 7.h5 f6 8.Nh4 Be6 9.
Bh3 Qd7 10.Bxe6 Qxe6 11.c3 O-O-O 12.Qf3 Kb8 13.exd5 Rxd5 14.g4 g6 15.Ne4 
f5 16.gxf5 gxf5 17.Ng3 f4 18.Ne4 Nc8 19.Bd2 Rd8 20.b3 Qd7 21.Ke2 Be7 22.
Rag1 Rhg8 23.Rxg8 Rxg8 24.Qh3 Qd8 25.Nf3 Qd5 26.c4 Qf7 27.Bc3 Nd4+ 28.Bxd4
exd4 29.Rg1 Rxg1 30.Nxg1 Bf8 31.Nf3 Nd6 32.Ne5 Qe8 33.Nd7+ Ka8 34.Nxc5 b6 
35.Ne6 1-0

[Event "zonal 1.3"]
[Site "Reykjavik ISL"]
[Date "1995.03.??"]
[Round "7"]
[White "Olafsson, Helgi"]
[Black "Ernst, Thomas"]
[Result "1-0"]
[WhiteElo "2520"]
[BlackElo "2465"]
[EventDate "1995.03.21"]
[PlyCount "111"]

1.c4 c5 2.Nf3 Nc6 3.e3 Nf6 4.Nc3 e6 5.d4 d5 6.cxd5 Nxd5 7.Bb5 cxd4 8.exd4 
Be7 9.O-O O-O 10.Re1 Bf6 11.Bxc6 bxc6 12.Ne4 Be7 13.Bd2 Qb6 14.Qc2 Bd7 15.
Ne5 Rfd8 16.Nc4 Qb8 17.Rad1 Rc8 18.Nc5 Be8 19.a3 Qb5 20.b4 Qb8 21.Re4 Qc7 
22.Rde1 Qd8 23.Qd3 g6 24.g3 Nf6 25.R4e2 Nd5 26.h4 Bf6 27.Ne4 Be7 28.Bg5 f6
29.Bh6 Bf7 30.Nc5 Bxc5 31.bxc5 Rc7 32.Nd6 Re7 33.Bd2 Rb8 34.Rb1 Rxb1+ 35.
Qxb1 Qc7 36.a4 Rd7 37.Be1 Rxd6 38.cxd6 Qxd6 39.Qb7 Qa3 40.Qb8+ Kg7 41.Rb2 
Qxa4 42.Rb7 Qd1 43.Qxa7 Qxe1+ 44.Kg2 Ne3+ 45.Kf3 Nf5 46.Rxf7+ Kg8 47.Rxf6 
Qh1+ 48.Ke2 Qe4+ 49.Kd2 Qxd4+ 50.Qxd4 Nxd4 51.Rf4 e5 52.Re4 Kf7 53.Kd3 Kf6
54.f4 Nf5 55.g4 Nxh4 56.Rxe5 1-0

[Event "zonal 1.3"]
[Site "Reykjavik ISL"]
[Date "1995.03.??"]
[Round "7"]
[White "Hansen, Lars Bo"]
[Black "Sammalvuo, Tapani"]
[Result "1-0"]
[WhiteElo "2565"]
[BlackElo "2390"]
[EventDate "1995.03.21"]
[PlyCount "51"]

1.d4 d5 2.c4 c6 3.Nc3 Nf6 4.e3 a6 5.Qc2 b5 6.b3 Bg4 7.Nge2 e6 8.Ng3 Nh5 9.
Bd3 Bd6 10.a4 bxc4 11.bxc4 Nd7 12.Ba3 Bxa3 13.Rxa3 Qh4 14.O-O Nxg3 15.hxg3
Qd8 16.Rb1 Nf6 17.c5 O-O 18.Rb6 Qc8 19.a5 Nd7 20.Na4 Qc7 21.Bxh7+ Kh8 22.
Bd3 e5 23.Qc3 Nxb6 24.cxb6 exd4 25.Qxd4 Qc8 26.Nc5 1-0

[Event "zonal 1.3"]
[Site "Reykjavik ISL"]
[Date "1995.03.??"]
[Round "7"]
[White "Torhallsson, Trostur"]
[Black "Degerman, Lars"]
[Result "1/2-1/2"]
[WhiteElo "2420"]
[BlackElo "2490"]
[EventDate "1995.03.21"]
[PlyCount "55"]

1.e4 c5 2.Nf3 d6 3.d4 cxd4 4.Nxd4 Nf6 5.Nc3 Nc6 6.Bg5 e6 7.Qd2 a6 8.O-O-O 
h6 9.Be3 Qc7 10.f4 Bd7 11.Kb1 Rc8 12.Bd3 Na5 13.Nf3 b5 14.Bd4 b4 15.Ne2 
Nc4 16.Bxc4 Qxc4 17.Bxf6 gxf6 18.e5 Rg8 19.Ng3 fxe5 20.Nxe5 Qc7 21.Ne4 Be7
22.Nxd6+ Bxd6 23.Qxd6 Qxd6 24.Rxd6 Rxg2 25.Rxd7 Rcxc2 26.Rhd1 Rxb2+ 27.Ka1
Rxa2+ 28.Kb1 1/2-1/2

[Event "zonal 1.3"]
[Site "Reykjavik ISL"]
[Date "1995.03.??"]
[Round "7"]
[White "Manninen, Marko"]
[Black "Djurhuus, Rune"]
[Result "0-1"]
[WhiteElo "2365"]
[BlackElo "2495"]
[EventDate "1995.03.21"]
[PlyCount "86"]

1.d4 Nf6 2.c4 g6 3.g3 Bg7 4.Bg2 c5 5.Nf3 O-O 6.O-O d6 7.Nc3 Nc6 8.dxc5 
dxc5 9.Bf4 Nh5 10.Be3 Qa5 11.Nd2 Rd8 12.Qc1 Nd4 13.Re1 Nf6 14.Nb3 Qb4 15.
Bxd4 cxd4 16.Nb5 e5 17.Nc7 Rb8 18.Qd2 Qxd2 19.Nxd2 Bf5 20.h3 Rbc8 21.Nb5 
a6 22.Na3 h5 23.b4 Rc7 24.Nb3 Bf8 25.c5 Nd5 26.Bxd5 Rxd5 27.Kg2 b6 28.Nc4 
bxc5 29.e4 dxe3 30.Nxe3 Be6 31.Nxd5 Bxd5+ 32.Kg1 cxb4 33.Rac1 Rc3 34.Re3 
Rxc1+ 35.Nxc1 e4 36.Re1 a5 37.Rd1 Be6 38.Rd4 Bh6 39.Nb3 e3 40.Rd8+ Kh7 41.
f4 h4 42.g4 Bxf4 43.Kg2 e2 0-1

[Event "zonal 1.3"]
[Site "Reykjavik ISL"]
[Date "1995.03.??"]
[Round "8"]
[White "Hansen, Curt"]
[Black "Hector, Jonny"]
[Result "1-0"]
[WhiteElo "2630"]
[BlackElo "2540"]
[EventDate "1995.03.21"]
[PlyCount "67"]

1.c4 Nf6 2.Nc3 e5 3.Nf3 Nc6 4.g3 d5 5.cxd5 Nxd5 6.Bg2 Nb6 7.O-O Be7 8.a3 
Be6 9.d3 O-O 10.b4 f5 11.Bb2 Bd6 12.Rc1 Qe7 13.Na4 Nxa4 14.Qxa4 a6 15.Rxc6
bxc6 16.Nxe5 f4 17.Qxc6 fxg3 18.hxg3 Kh8 19.f4 a5 20.b5 Rab8 21.a4 Bb3 22.
Qe4 Bc5+ 23.d4 Bb4 24.Kf2 Rb6 25.Rh1 h6 26.Ng6+ Rxg6 27.Qxg6 Rf6 28.Qd3 
Bg8 29.Bf3 Bh7 30.e4 c6 31.Kg2 cxb5 32.axb5 Rf8 33.d5 Kg8 34.Qc4 1-0

[Event "zonal 1.3"]
[Site "Reykjavik ISL"]
[Date "1995.03.??"]
[Round "8"]
[White "Agdestein, Simen"]
[Black "Stefansson, Hannes Hlifar"]
[Result "1-0"]
[WhiteElo "2600"]
[BlackElo "2530"]
[EventDate "1995.03.21"]
[PlyCount "69"]

1.d4 Nf6 2.c4 e6 3.Nc3 Bb4 4.Qc2 O-O 5.Bg5 c5 6.d5 b5 7.dxe6 fxe6 8.cxb5 
d5 9.a3 Ba5 10.e3 Nbd7 11.Nf3 Qc7 12.Be2 Ne4 13.Bf4 Bxc3+ 14.bxc3 Qa5 15.
Ng5 Nxg5 16.Bxg5 a6 17.e4 axb5 18.exd5 exd5 19.O-O Bb7 20.Bd3 h6 21.Be7 
Rf4 22.Qe2 Qb6 23.Rae1 Rxa3 24.Qh5 d4 25.Bf5 Rxf5 26.Qxf5 Qc6 27.f3 dxc3 
28.Rd1 Bc8 29.Rd6 Qb7 30.Rfd1 Ra7 31.Qe6+ Kh8 32.Qg6 Ra6 33.Bf6 gxf6 34.
Qe8+ Kg7 35.Rxd7+ 1-0

[Event "zonal 1.3"]
[Site "Reykjavik ISL"]
[Date "1995.03.??"]
[Round "8"]
[White "Cramling, Pia"]
[Black "Hjartarson, Johann"]
[Result "0-1"]
[WhiteElo "2520"]
[BlackElo "2590"]
[EventDate "1995.03.21"]
[PlyCount "126"]

1.d4 Nf6 2.c4 e6 3.Nf3 b6 4.a3 Bb7 5.Nc3 d5 6.cxd5 Nxd5 7.Bd2 Nd7 8.Qc2 c5
9.e4 Nxc3 10.Bxc3 cxd4 11.Nxd4 a6 12.g3 Be7 13.Bg2 O-O 14.O-O Rc8 15.Rfd1 
Qc7 16.Qe2 Rfd8 17.Rac1 Nc5 18.Bb4 Qb8 19.Nb3 Bg5 20.Bd2 Bxd2 21.Nxd2 h6 
22.Nc4 Qc7 23.Rxd8+ Rxd8 24.Na5 bxa5 25.b4 axb4 26.axb4 Bc6 27.bxc5 Qb7 
28.Bf1 a5 29.Qa6 Qxa6 30.Bxa6 a4 31.f3 Rd2 32.Rc3 g5 33.h3 Kg7 34.Kf1 Kf6 
35.Ke1 Rd4 36.Ke2 Ke7 37.Rd3 Rb4 38.Ke3 Bb5 39.Bxb5 Rxb5 40.Kd4 Rb4+ 41.
Ke3 Rc4 42.Ra3 e5 43.Kd3 Rd4+ 44.Kc3 Kd7 45.Ra1 Kc6 46.Rb1 Kxc5 47.Rb7 f6 
48.Rc7+ Kd6 49.Rh7 Ke6 50.Rc7 Rd7 51.Rc5 Ra7 52.Rc6+ Ke7 53.Kb4 a3 54.Rc1 
a2 55.Ra1 Kd6 56.Rd1+ Kc6 57.Rc1+ Kb6 58.Ra1 Ra8 59.h4 h5 60.hxg5 fxg5 61.
Kc4 h4 62.gxh4 gxh4 63.Kd5 Ra5+ 0-1

[Event "zonal 1.3"]
[Site "Reykjavik ISL"]
[Date "1995.03.??"]
[Round "8"]
[White "Olafsson, Helgi"]
[Black "Hansen, Lars Bo"]
[Result "1-0"]
[WhiteElo "2520"]
[BlackElo "2580"]
[EventDate "1995.03.21"]
[PlyCount "89"]

1.c4 c5 2.Nf3 Nf6 3.Nc3 e6 4.g3 Nc6 5.Bg2 d5 6.cxd5 Nxd5 7.O-O Be7 8.d4 
O-O 9.e4 Nxc3 10.bxc3 cxd4 11.cxd4 Bf6 12.Bb2 b6 13.Rb1 Na5 14.Bc3 Ba6 15.
Re1 Qd7 16.Bxa5 bxa5 17.Bf1 Bxf1 18.Kxf1 Rfd8 19.Re3 Rab8 20.Rxb8 Rxb8 21.
Rd3 Rb4 22.a3 Rb2 23.d5 Qb5 24.Kg2 Qb6 25.Rd2 exd5 26.exd5 Rxd2 27.Qxd2 a4
28.Qc2 Be7 29.Qxa4 Bf8 30.Qd7 Bxa3 31.Ne5 h6 32.Qxf7+ Kh8 33.h4 Qf6 34.
Qe8+ Kh7 35.Nf7 Qe7 36.Qxe7 Bxe7 37.d6 Bf6 38.d7 a5 39.d8=Q Bxd8 40.Nxd8 
a4 41.Nc6 Kg6 42.Kf3 Kf5 43.Nd4+ Ke5 44.Nb5 h5 45.Ke3 1-0

[Event "zonal 1.3"]
[Site "Reykjavik ISL"]
[Date "1995.03.??"]
[Round "8"]
[White "Djurhuus, Rune"]
[Black "Petursson, Margeir"]
[Result "1/2-1/2"]
[WhiteElo "2495"]
[BlackElo "2535"]
[EventDate "1995.03.21"]
[PlyCount "167"]

1.d4 Nf6 2.c4 e6 3.Nc3 Bb4 4.e3 O-O 5.Bd3 d5 6.Nf3 c5 7.O-O Nc6 8.a3 Ba5 
9.Re1 a6 10.cxd5 exd5 11.dxc5 Bxc3 12.bxc3 Bg4 13.h3 Bh5 14.Be2 Ne4 15.Qc2
Bg6 16.Bd3 Qf6 17.a4 Rfc8 18.Ba3 Na5 19.Bxe4 Bxe4 20.Qd1 Nc4 21.Nd4 Re8 
22.Ne2 Rac8 23.Qd4 Qg5 24.Ng3 Rc6 25.Kh2 Rg6 26.Rg1 h5 27.Kh1 Nxe3 28.Bc1 
Qh4 29.Nxe4 Rxe4 30.Bxe3 Rxd4 31.Bxd4 Re6 32.Rab1 Qe7 33.Rb4 Re1 34.Rxe1 
Qxe1+ 35.Kh2 Qe7 36.a5 Qc7+ 37.Kg1 f6 38.Rb6 h4 39.Kh1 Kh7 40.Rd6 Qxa5 41.
Rb6 Qa1+ 42.Kh2 Qa4 43.Rxb7 a5 44.Kh1 Qc6 45.Rb6 Qc8 46.c6 a4 47.Bc5 Qe6 
48.Bd4 Qe1+ 49.Kh2 Qe4 50.Ra6 a3 51.Ra7 Qe6 52.c7 a2 53.Rxa2 Qd6+ 54.Kg1 
Qxc7 55.Ra7 Qc6 56.Re7 Kg8 57.Re3 Kf7 58.Rf3 Qb5 59.Kh1 Qb1+ 60.Kh2 Qb8+ 
61.Kg1 Qb1+ 62.Kh2 Qe4 63.Re3 Qf4+ 64.Kg1 Kf8 65.Bc5+ Kg8 66.Bd4 Kf7 67.
Rf3 Qc1+ 68.Kh2 Ke6 69.Re3+ Kd7 70.Rf3 Kc6 71.Rf5 Qb1 72.Rf3 Qg6 73.Rf4 
Qh7 74.Rg4 Qh8 75.f4 Kb5 76.Bf2 Kc4 77.Bd4 Kd3 78.f5 Ke2 79.Kg1 Qh6 80.Kh2
Kd3 81.Kg1 Qh8 82.Kh2 Qh6 83.Kg1 Qh8 84.Kh2 1/2-1/2

[Event "zonal 1.3"]
[Site "Reykjavik ISL"]
[Date "1995.03.??"]
[Round "8"]
[White "Akesson, Ralf"]
[Black "Ernst, Thomas"]
[Result "1/2-1/2"]
[WhiteElo "2500"]
[BlackElo "2465"]
[EventDate "1995.03.21"]
[PlyCount "27"]

1.c4 c5 2.g3 Nc6 3.Bg2 g6 4.e3 Bg7 5.Ne2 e6 6.Nbc3 Nge7 7.d4 cxd4 8.Nxd4 
Nxd4 9.exd4 d5 10.cxd5 Nxd5 11.Nxd5 exd5 12.O-O O-O 13.Be3 Be6 14.Qb3 
1/2-1/2

[Event "zonal 1.3"]
[Site "Reykjavik ISL"]
[Date "1995.03.??"]
[Round "8"]
[White "Gausel, Einar"]
[Black "Tisdall, Jonathan"]
[Result "1/2-1/2"]
[WhiteElo "2490"]
[BlackElo "2470"]
[EventDate "1995.03.21"]
[PlyCount "47"]

1.c4 c6 2.Nc3 d5 3.d4 e6 4.Nf3 Nf6 5.e3 Nbd7 6.Bd3 dxc4 7.Bxc4 b5 8.Bd3 a6
9.e4 c5 10.e5 cxd4 11.Nxb5 Ng4 12.Qa4 Bb7 13.Nbxd4 Qb6 14.O-O Bc5 15.h3 
Bxf3 16.hxg4 Bd5 17.Nb3 O-O 18.Qxd7 Bxb3 19.Bxh7+ Kxh7 20.Qd3+ Kg8 21.Qxb3
Qxb3 22.axb3 Rfb8 23.Ra4 Rxb3 24.Rc4 1/2-1/2

[Event "zonal 1.3"]
[Site "Reykjavik ISL"]
[Date "1995.03.??"]
[Round "8"]
[White "Torhallsson, Trostur"]
[Black "Mortensen, Erling"]
[Result "0-1"]
[WhiteElo "2420"]
[BlackElo "2500"]
[EventDate "1995.03.21"]
[PlyCount "88"]

1.e4 c5 2.Nf3 Nc6 3.d4 cxd4 4.Nxd4 Qc7 5.Nc3 e6 6.Be3 a6 7.Bd3 b5 8.O-O 
Bb7 9.Nb3 d6 10.f4 Nf6 11.Qf3 Be7 12.Qh3 Nb4 13.Rae1 e5 14.Kh1 O-O 15.a3 
Nxd3 16.cxd3 Rac8 17.Nd2 Qd7 18.Qf3 a5 19.d4 b4 20.axb4 axb4 21.Ne2 exd4 
22.Bxd4 Rc2 23.Qd3 Qc6 24.Nc3 bxc3 25.Qxc2 cxd2 26.Qxd2 Re8 27.e5 dxe5 28.
Rxe5 Ne4 29.Qe3 f6 30.Rh5 Bf8 31.Qb3+ Kh8 32.Qh3 h6 33.Kg1 Nd2 34.Rd1 Re2 
35.Bf2 Qc2 36.Re1 Rxe1+ 37.Bxe1 Bc5+ 38.Kh1 Ne4 39.Rxh6+ gxh6 40.Qxh6+ Kg8
41.Qg6+ Kf8 42.Qh6+ Ke8 43.Qg6+ Kd7 44.Qh7+ Kc6 0-1

[Event "zonal 1.3"]
[Site "Reykjavik ISL"]
[Date "1995.03.??"]
[Round "8"]
[White "Manninen, Marko"]
[Black "Degerman, Lars"]
[Result "0-1"]
[WhiteElo "2365"]
[BlackElo "2490"]
[EventDate "1995.03.21"]
[PlyCount "48"]

1.d4 d5 2.Bg5 g6 3.Nc3 Bg7 4.Qd2 Nc6 5.O-O-O Nxd4 6.e4 dxe4 7.Nb5 Bg4 8.f3
Nxb5 9.Qb4 Nd6 10.fxg4 Nf6 11.h3 O-O 12.Ne2 c6 13.Nc3 Qb6 14.Qxb6 axb6 15.
a4 h6 16.Bh4 g5 17.Be1 Rfd8 18.Kb1 e3 19.Be2 Nfe4 20.Nxe4 Nxe4 21.Rxd8+ 
Rxd8 22.Kc1 Ra8 23.b3 b5 24.a5 Nc3 0-1

[Event "zonal 1.3"]
[Site "Reykjavik ISL"]
[Date "1995.03.??"]
[Round "8"]
[White "Sammalvuo, Tapani"]
[Black "Hansen, Sune Berg"]
[Result "0-1"]
[WhiteElo "2390"]
[BlackElo "2460"]
[EventDate "1995.03.21"]
[PlyCount "134"]

1.e4 c5 2.Nf3 d6 3.d4 cxd4 4.Nxd4 Nf6 5.Nc3 g6 6.Be3 Bg7 7.f3 Nc6 8.Qd2 
O-O 9.g4 Be6 10.O-O-O Ne5 11.h3 Rc8 12.f4 Nc4 13.Nxe6 fxe6 14.Bxc4 Rxc4 
15.e5 Ne8 16.Bd4 Qc8 17.b3 Rxd4 18.Qxd4 g5 19.Ne4 Rxf4 20.Qd3 Bxe5 21.h4 
d5 22.Nxg5 Nf6 23.Qe3 Qc7 24.Rde1 Re4 25.Qd3 Bf4+ 26.Kd1 Nxg4 27.Nxe4 dxe4
28.Qd4 Be5 29.Qc4 Qd6+ 30.Ke2 Bd4 31.Ref1 Kg7 32.Rd1 e5 33.Rhg1 h5 34.c3 
Qh6 35.Rxg4+ hxg4 36.cxd4 Qxh4 37.Rf1 Qh2+ 38.Rf2 Qh5 39.Kd2 g3 40.Re2 
Qg5+ 41.Kc2 g2 42.Re1 g1=Q 43.Rxg1 Qxg1 44.Qe6 Qf2+ 45.Kb1 Qf6 46.Qg4+ Qg6
47.Qd7 e3+ 48.Kb2 Qg5 49.Qb5 e2 50.Qxe2 exd4 51.Qe4 b6 52.a4 Qd2+ 53.Ka3 
Qe3 54.Qg4+ Kf6 55.Qh4+ Ke6 56.Qg4+ Ke5 57.Qg7+ Kf4 58.Qh6+ Kg3 59.Qg6+ 
Kf2 60.Qc2+ Ke1 61.Qb1+ Ke2 62.Qc2+ Qd2 63.Qe4+ Kd1 64.Qh1+ Kc2 65.Qc6+ 
Kb1 66.Qe4+ d3 67.Qd4 Qc1+ 0-1

[Event "zonal 1.3"]
[Site "Reykjavik ISL"]
[Date "1995.03.31"]
[Round "9"]
[White "Hjartarson, Johann"]
[Black "Hansen, Curt"]
[Result "0-1"]
[WhiteElo "2590"]
[BlackElo "2630"]
[EventDate "1995.03.21"]
[PlyCount "86"]

1.e4 d5 2.exd5 Qxd5 3.Nc3 Qa5 4.d4 Nf6 5.Nf3 Bf5 6.Bc4 e6 7.Bd2 c6 8.Qe2 
Bb4 9.O-O-O Nbd7 10.Kb1 Nb6 11.Bb3 Bxc3 12.Bxc3 Qb5 13.Qxb5 cxb5 14.Ne5 a5
15.a3 Be4 16.Rhe1 O-O 17.f3 Bd5 18.Bxd5 Nfxd5 19.Bd2 Nc4 20.Bc1 Rfc8 21.f4
b4 22.Nxc4 Rxc4 23.Rd3 bxa3 24.Rxa3 b5 25.f5 b4 26.Rd3 exf5 27.Re5 Rd8 28.
Rxf5 a4 29.Bd2 f6 30.h3 Kf7 31.g4 g6 32.Rff3 Re8 33.c3 Re2 34.cxb4 Nxb4 
35.Rc3 Rxd4 36.Rc7+ Ke6 37.Bc1 Rd1 38.Rcc3 Red2 39.Rf4 Nd3 40.Rc6+ Kd5 41.
Rfxf6 Rxb2+ 42.Ka1 Rb5 43.Rfd6+ Ke5 0-1

[Event "zonal 1.3"]
[Site "Reykjavik ISL"]
[Date "1995.03.31"]
[Round "9"]
[White "Petursson, Margeir"]
[Black "Agdestein, Simen"]
[Result "1-0"]
[WhiteElo "2535"]
[BlackElo "2600"]
[EventDate "1995.03.21"]
[PlyCount "93"]

1.d4 Nf6 2.c4 g6 3.Nc3 d5 4.cxd5 Nxd5 5.e4 Nxc3 6.bxc3 Bg7 7.Nf3 c5 8.Be3 
O-O 9.Rc1 Qa5 10.Qd2 e6 11.Bh6 Nc6 12.h4 cxd4 13.Bxg7 Kxg7 14.cxd4 Rd8 15.
Qxa5 Nxa5 16.Kd2 Bd7 17.h5 f6 18.Rc5 Nc6 19.hxg6 hxg6 20.Bd3 Rac8 21.Rhc1 
Kf7 22.Ke3 g5 23.g4 e5 24.dxe5 Bxg4 25.Bc4+ Kg6 26.Bd5 Nxe5 27.Nxe5+ fxe5 
28.Bxb7 Rxc5 29.Rxc5 Rf8 30.Rxe5 Rf3+ 31.Kd4 Rxf2 32.Bd5 Rf8 33.Re7 Bf3 
34.Ke5 g4 35.Be6 a5 36.Bf5+ Kg5 37.Rg7+ Kh4 38.Kf4 Kh3 39.e5 Bd1 40.e6 Bc2
41.Rf7 Bxf5 42.Kxf5 Re8 43.e7 g3 44.Rh7+ Kg2 45.Ke6 Ra8 46.Rf7 Kh2 47.Rf8 
1-0

[Event "zonal 1.3"]
[Site "Reykjavik ISL"]
[Date "1995.03.31"]
[Round "9"]
[White "Hansen, Sune Berg"]
[Black "Hansen, Lars Bo"]
[Result "0-1"]
[WhiteElo "2460"]
[BlackElo "2580"]
[EventDate "1995.03.21"]
[PlyCount "68"]

1.e4 e5 2.Nf3 Nc6 3.Nc3 Nf6 4.Bb5 Nd4 5.Bd3 Nxf3+ 6.Qxf3 g6 7.Bc4 d6 8.d4 
Bg4 9.Qd3 exd4 10.Qxd4 Bg7 11.Nd5 O-O 12.Bh6 Re8 13.O-O Be6 14.Bxg7 Kxg7 
15.Rfe1 c6 16.Ne3 Qb6 17.Qc3 Qc5 18.b4 Qg5 19.Qd4 a5 20.Bxe6 Rxe6 21.Nc4 
axb4 22.Nxd6 c5 23.Qd1 Qf4 24.Nxb7 Ng4 25.Nxc5 Rd6 26.Nd3 Qxh2+ 27.Kf1 
Qh1+ 28.Ke2 Qxg2 29.Kd2 Nxf2 30.Qe2 Nxe4+ 31.Kc1 Qg5+ 32.Qe3 Qf6 33.Rb1 
Nc3 34.Rb3 Rxa2 0-1

[Event "zonal 1.3"]
[Site "Reykjavik ISL"]
[Date "1995.03.31"]
[Round "9"]
[White "Cramling, Pia"]
[Black "Olafsson, Helgi"]
[Result "1-0"]
[WhiteElo "2520"]
[BlackElo "2520"]
[EventDate "1995.03.21"]
[PlyCount "87"]

1.d4 Nf6 2.c4 e6 3.Nf3 b6 4.a3 Bb7 5.Nc3 d5 6.Qc2 dxc4 7.e4 c5 8.d5 exd5 
9.exd5 Bd6 10.Bxc4 O-O 11.O-O Nbd7 12.Bg5 Re8 13.Bb5 Re7 14.Qa4 h6 15.Bh4 
Qc7 16.Rfe1 Rxe1+ 17.Rxe1 a6 18.Bxd7 Nxd7 19.Qg4 Nf8 20.Ne4 Ng6 21.Nxd6 
Qxd6 22.Rd1 Bxd5 23.Bg3 Qe6 24.Qxe6 Bxe6 25.Bc7 b5 26.Ne5 Nf4 27.Nc6 Bb3 
28.Rd7 Ne6 29.Ba5 Re8 30.f3 Nf4 31.Ne7+ Kh7 32.Bb6 Be6 33.Ra7 Nd3 34.h3 b4
35.axb4 cxb4 36.Nc6 Bc4 37.Ba5 b3 38.Bc3 Nf4 39.Nd4 Re2 40.Nxe2 Nxe2+ 41.
Kh2 Nxc3 42.Rc7 Nd1 43.Rxc4 a5 44.Rc1 1-0

[Event "zonal 1.3"]
[Site "Reykjavik ISL"]
[Date "1995.03.31"]
[Round "9"]
[White "Stefansson, Hannes Hlifar"]
[Black "Akesson, Ralf"]
[Result "0-1"]
[WhiteElo "2530"]
[BlackElo "2500"]
[EventDate "1995.03.21"]
[PlyCount "78"]

1.e4 c5 2.Nf3 d6 3.d4 cxd4 4.Nxd4 Nf6 5.Nc3 a6 6.Be3 e6 7.f3 Be7 8.Qd2 O-O
9.g4 Nc6 10.O-O-O Nd7 11.Kb1 Nxd4 12.Bxd4 b5 13.h4 b4 14.Na4 a5 15.g5 Qc7 
16.Bb5 Rb8 17.Qe2 Ne5 18.f4 Ng6 19.Be3 d5 20.e5 Bd7 21.Bxd7 Qxd7 22.b3 Bd8
23.Bc5 Re8 24.Bd6 Rc8 25.f5 exf5 26.Qh2 Qc6 27.h5 Nf8 28.g6 fxg6 29.hxg6 
h6 30.Qf2 f4 31.Nc5 Nxg6 32.Rdg1 Bg5 33.Nd3 Qc3 34.Qh2 Re6 35.Qh3 Rxd6 36.
Rxg5 hxg5 37.exd6 Qxc2+ 38.Ka1 Qc3+ 39.Kb1 g4 0-1